Dans quels clubs a joué Anthony Mounier ? - Statistiques

Statistiques générales
  • Ce quiz a été pris 4 fois
  • Le résultat moyen est 2 sur 9
Statistiques - réponses
Pays Années Clubs % Correct
France 2009-2012 OGC Nice
100%
France 2007-2009 Olympique Lyonnais
75%
Italie 2015-2017 Bologna
25%
Grèce 2017-2019 Panathinaikos
25%
Grèce 2020-2021 Apollon Smyrnis
0%
Italie 2017 Atalanta Bergame
0%
Grèce 2021-2024 GS Kallithea
0%
France 2012-2015 Montpellier HSC
0%
Grèce 2020 Panetolikos FC
0%
Aucun quiz correspondant
Distribution des résultats
% des personnes avec chaque résultat
Percentile par nombre de réponses
Votre historique - résultats
Vous n’avez pas pris ce quiz